| 000 | 00619nam a22001457a 4500 | ||
|---|---|---|---|
| 999 |
_c61044 _d61044 |
||
| 005 | 20231212100547.0 | ||
| 008 | 231212s1983 ru ||||| |||| 00| 0 rus d | ||
| 080 | _a94(394) M-15 | ||
| 100 |
_aМаккуин, Дж. Г. _920667 |
||
| 245 |
_aХетты и их современники в Малой Азии / _cПеревод с английского Ф.Л. Мендельсона. |
||
| 264 |
_aМ.: _bГРВЛ, _c1983. |
||
| 300 |
_a184 с.; _b20 см. |
||
| 653 | _aხეთები და მათი თანამედროვეები მცირე აზიაში | ||
| 942 |
_2udc _cᲬᲘᲒᲜᲘ |
||